Most Spoken Languages in Hawaii - Statistics

General Stats
  • This quiz has been taken 309 times
  • The average score is 10 of 16
Answer Stats
# Speakers Language % Correct
29,660 Chinese
91%
18,738 Hawaiian
90%
49,284 Japanese
89%
25,056 Spanish
84%
56,487 Tagalog
78%
18,577 Korean
75%
5,756 French
72%
9,076 Vietnamese
63%
4,190 German
61%
1,329 Portuguese
61%
11,980 Samoan
61%
1,700 Thai
51%
4,343 Tongan
50%
1,727 Lao
41%
50,765 Ilocano
23%
3,377 Bisayan
6%
No matching quizzes found
Score Distribution
Percent of People with Each Score
Percentile by Number Answered
Your Score History
You have not taken this quiz